Las rapadas : (Record no. 186203)

MARC details
000 -LEADER
campo de control de longitud fija 00974nam a2200265 i 4500
001 - NÚMERO DE CONTROL
campo de control 186203
003 - IDENTIFICADOR DE NÚMERO DE CONTROL
campo de control SpMaBN
005 - FECHA Y HORA DE LA ÚLTIMA TRANSACCIÓN
campo de control 20250705090534.0
008 - DATOS DE LONGITUD FIJA--INFORMACIÓN GENERAL
campo de control de longitud fija 160916s2012 sp |||| | spa d
020 ## - NÚMERO INTERNACIONAL ESTÁNDAR DEL LIBRO
Número Internacional Estándar del Libro 978-84-323-1629-6
080 ## - NÚMERO DE LA CLASIFICACIÓN DECIMAL UNIVERSAL
Número de la Clasificación Decimal Universal 32-055.2(460)"1936/39"
080 ## - NÚMERO DE LA CLASIFICACIÓN DECIMAL UNIVERSAL
Número de la Clasificación Decimal Universal 323.281(460)"1936/39"
100 1# - ENTRADA PRINCIPAL--NOMBRE DE PERSONA
Nombre de persona González Duro, E.,
Fechas asociadas al nombre 1939-
9 (RLIN) 58607
245 14 - MENCIÓN DEL TÍTULO
Título Las rapadas :
Resto del título el franquismo contra la mujer /
Mención de responsabilidad, etc. Enrique González Duro.
260 ## - PUBLICACIÓN, DISTRIBUCIÓN, ETC.
Lugar de publicación, distribución, etc. Tres Cantos, Madrid :
Nombre del editor, distribuidor, etc. Siglo XXI España,
Fecha de publicación, distribución, etc. [2012]
300 ## - DESCRIPCIÓN FÍSICA
Extensión 221 p. ;
Dimensiones 22 cm.
504 ## - NOTA DE BIBLIOGRAFÍA, ETC.
Nota de bibliografía, etc. Bibliografía: p. 215-221.
650 #4 - PUNTO DE ACCESO ADICIONAL DE MATERIA--TÉRMINO DE MATERIA
Término de materia o nombre geográfico como elemento de entrada Mujeres en la política-
Subdivisión geográfica España
9 (RLIN) 15336
650 #4 - PUNTO DE ACCESO ADICIONAL DE MATERIA--TÉRMINO DE MATERIA
Término de materia o nombre geográfico como elemento de entrada Represión política-
Subdivisión geográfica España-
Subdivisión cronológica 1936-1939.
9 (RLIN) 146637
852 4# - LOCALIZACIÓN
Ubicación ES-MaACL
Número de control de estantería A-13959
itemnumber 193258
Sublocalización o colección R.151137
Ubicación en estantería Depósito 1
Signatura antigua Olim: N-6959
Donativo/Legado Donación: Enrique González Duro
903 ## - NOMBRE PERSONAL DE DONANTE
a González Duro, E.,
d 1939-
e Donante
9 58607
942 ## - ELEMENTOS DE ENTRADA SECUNDARIOS (KOHA)
Fuente del sistema de clasificación o colocación Clasificación decimal universal
Tipo de ítem Koha Libro impreso
Holdings
Estatus retirado Estado de pérdida Fuente del sistema de clasificación o colocación Estado de daño No para préstamo Biblioteca de origen Biblioteca actual Ubicación en estantería Fecha de adquisición Fuente de adquisición Total de préstamos Signatura topográfica completa Código de barras Visto por última vez Precio de reemplazo Tipo de ítem Koha
    Clasificación decimal universal     Biblioteca del Ateneo de Madrid Biblioteca del Ateneo de Madrid Depósito 1 16/09/2016 Donación   A-13959 1196314 23/02/2023 23/02/2023 Libro impreso